Nanotechnology and Nanoelectronics: Materials, Devices, Measurement Techniques

Bibliografski detalji
Daljnji autori: Fahrner W. R. Wolfgang R. (редактор)
Jezik:engleski
Izdano: New York, Springer, 2005
Teme:
Format: MixedMaterials Knjiga
KOHA link:https://koha.lib.tpu.ru/cgi-bin/koha/opac-detail.pl?biblionumber=71947

MARC

LEADER 00000nam0a2200000 4500
001 71947
005 20231031083015.0
010 |a 3540224521 
035 |a (RuTPU)RU\TPU\book\76687 
090 |a 71947 
100 |a 20041228d2005 k y0engy50 ba 
101 0 |a eng 
102 |a US 
105 |a a z 001zy 
200 1 |a Nanotechnology and Nanoelectronics: Materials, Devices, Measurement Techniques  |f под ред. W. R. Fahrner 
210 |a New York  |c Springer  |d 2005 
215 |a 269 p.  |c ил. 
320 |a References: p. 239-260. 
320 |a Index: p. 261-268. 
610 1 |a физика 
610 1 |a техника 
610 1 |a наноматериалы 
610 1 |a нанотехнологии 
610 1 |a наноэлектроника 
610 1 |a английский язык 
675 |a 539.2  |v 3 
675 |a 621.382:53  |v 3 
702 1 |a Fahrner  |b W. R.  |g Wolfgang R.  |4 340 
801 1 |a RU  |b 63413507  |c 20041228  |g PSBO 
801 2 |a RU  |b 63413507  |c 20100914  |g PSBO 
942 |c BK 
959 |a 7/20060208  |d 1  |e 69,95  |f НФ:1